[Event "Praha"]
[Site "?"]
[Date "2023.01.07"]
[Round "2.12"]
[White "Schneider, Jana"]
[Black "Dietrich, Peter"]
[Result "1-0"]
[BlackElo "2062"]
[WhiteElo "2263"]
[LiveChessVersion "1.4.8"]

1. e4 {[%clk 1:30:56]} c6 {[%clk 1:30:13]} 2. d4 {[%clk 1:30:44]} d5
{[%clk 1:30:36]} 3. e5 {[%clk 1:27:17]} Bf5 {[%clk 1:30:56]} 4. h4
{[%clk 1:27:02]} h5 {[%clk 1:31:13]} 5. Bd3 {[%clk 1:26:47]} Bxd3
{[%clk 1:31:31]} 6. Qxd3 {[%clk 1:27:09]} Qa5+ {[%clk 1:30:55]} 7. Nd2
{[%clk 1:26:42]} e6 {[%clk 1:31:13]} 8. Ne2 {[%clk 1:25:42]} Nh6 {[%clk 1:23:08]}
9. O-O {[%clk 1:23:50]} Nf5 {[%clk 1:20:53]} 10. g3 {[%clk 1:22:45]} Qa6
{[%clk 1:18:39]} 11. c4 {[%clk 1:21:26]} Bb4 {[%clk 1:12:27]} 12. b3
{[%clk 1:13:56]} c5 {[%clk 1:05:28]} 13. dxc5 {[%clk 1:08:44]} Nc6
{[%clk 1:02:13]} 14. Bb2 {[%clk 1:01:20]} Bxc5 {[%clk 0:49:15]} 15. Nf4
{[%clk 0:57:30]} Rd8 {[%clk 0:44:03]} 16. cxd5 {[%clk 0:51:58]} Qxd3
{[%clk 0:44:07]} 17. Nxd3 {[%clk 0:52:22]} Rxd5 {[%clk 0:44:13]} 18. Nxc5
{[%clk 0:52:33]} Rxc5 {[%clk 0:42:25]} 19. Nc4 {[%clk 0:44:51]} b5
{[%clk 0:37:56]} 20. Na3 {[%clk 0:42:22]} a6 {[%clk 0:32:44]} 21. Rac1
{[%clk 0:38:47]} Rxc1 {[%clk 0:32:52]} 22. Rxc1 {[%clk 0:39:12]} Nfe7
{[%clk 0:32:59]} 23. Nb1 {[%clk 0:30:42]} O-O {[%clk 0:31:18]} 24. Nd2
{[%clk 0:30:21]} Rd8 {[%clk 0:28:19]} 25. Ne4 {[%clk 0:30:22]} Rd5
{[%clk 0:26:55]} 26. f4 {[%clk 0:27:59]} Nd4 {[%clk 0:22:13]} 27. Rc7
{[%clk 0:26:46]} Ng6 {[%clk 0:13:15]} 28. Rc8+ {[%clk 0:25:23]} Kh7
{[%clk 0:12:39]} 29. Ng5+ {[%clk 0:25:36]} Kh6 {[%clk 0:12:22]} 30. Nxf7+
{[%clk 0:25:47]} Kh7 {[%clk 0:12:37]} 31. Ng5+ {[%clk 0:24:13]} Kh6
{[%clk 0:12:46]} 32. Bxd4 {[%clk 0:24:23]} Rxd4 {[%clk 0:13:09]} 33. Re8
{[%clk 0:23:18]} Rd1+ {[%clk 0:12:42]} 34. Kf2 {[%clk 0:23:37]} Rd2+
{[%clk 0:12:57]} 35. Ke3 {[%clk 0:23:59]} 1-0

[Event "Praha"]
[Site "?"]
[Date "2023.01.07"]
[Round "2.13"]
[White "Olmo, Jose"]
[Black "Goroshkov, Maksym"]
[Result "0-1"]
[BlackElo "2261"]
[WhiteElo "2061"]
[LiveChessVersion "1.4.8"]

1. d4 {[%clk 1:27:39]} Nf6 {[%clk 1:28:28]} 2. Bf4 {[%clk 1:28:04]} d6
{[%clk 1:28:49]} 3. Nc3 {[%clk 1:27:36]} g6 {[%clk 1:29:04]} 4. e4
{[%clk 1:27:52]} Bg7 {[%clk 1:29:28]} 5. Qd2 {[%clk 1:28:09]} O-O
{[%clk 1:28:36]} 6. Bh6 {[%clk 1:27:41]} c5 {[%clk 1:27:53]} 7. Bxg7
{[%clk 1:26:32]} Kxg7 {[%clk 1:28:16]} 8. d5 {[%clk 1:26:30]} a6 {[%clk 1:26:26]}
9. Nf3 {[%clk 1:26:10]} b5 {[%clk 1:26:32]} 10. Qf4 {[%clk 1:21:37]} b4
{[%clk 1:22:29]} 11. Nd1 {[%clk 1:19:01]} e5 {[%clk 1:20:47]} 12. dxe6
{[%clk 1:17:31]} fxe6 {[%clk 1:20:41]} 13. e5 {[%clk 1:09:39]} dxe5
{[%clk 1:14:09]} 14. Qxe5 {[%clk 1:05:23]} Nbd7 {[%clk 1:14:02]} 15. Qg5
{[%clk 1:04:27]} Bb7 {[%clk 1:09:58]} 16. Ne3 h6 {[%clk 1:04:20]} 17. Qh4
{[%clk 1:01:24]} Bxf3 {[%clk 0:49:04]} 18. gxf3 {[%clk 1:01:35]} g5
{[%clk 0:46:24]} 19. Rg1 {[%clk 0:58:59]} Ne5 {[%clk 0:45:30]} 20. Be2
{[%clk 0:49:47]} Qd4 {[%clk 0:41:01]} 21. Qxd4 {[%clk 0:42:49]} cxd4
{[%clk 0:41:21]} 22. Nc4 {[%clk 0:42:52]} Nxc4 {[%clk 0:33:14]} 23. Bxc4
{[%clk 0:43:12]} Rac8 {[%clk 0:33:37]} 24. Bd3 {[%clk 0:42:38]} Nd7
{[%clk 0:33:28]} 25. O-O-O {[%clk 0:36:37]} Ne5 {[%clk 0:29:52]} 26. Bxa6
{[%clk 0:35:27]} Ra8 {[%clk 0:26:55]} 27. Rge1 {[%clk 0:34:19]} Rxa6
{[%clk 0:27:13]} 28. Rxe5 {[%clk 0:34:27]} Rxf3 {[%clk 0:27:37]} 29. Rxd4
{[%clk 0:33:31]} Rxf2 {[%clk 0:27:13]} 30. Rd2 {[%clk 0:32:52]} Rf1+
{[%clk 0:24:48]} 31. Rd1 {[%clk 0:33:13]} Rxd1+ {[%clk 0:24:40]} 32. Kxd1
{[%clk 0:33:37]} Rxa2 {[%clk 0:25:07]} 33. Rxe6 {[%clk 0:30:46]} Rxb2
{[%clk 0:24:58]} 34. Kc1 {[%clk 0:30:55]} Ra2 {[%clk 0:25:22]} 35. Kb1
{[%clk 0:30:59]} b3 {[%clk 0:24:55]} 36. cxb3 {[%clk 0:30:14]} Rxh2
{[%clk 0:25:19]} 37. b4 {[%clk 0:30:20]} g4 {[%clk 0:23:56]} 38. Re4
{[%clk 0:30:29]} h5 {[%clk 0:24:18]} 39. b5 {[%clk 0:30:52]} g3 {[%clk 0:24:29]}
40. Re3 {[%clk 0:25:37]} g2 {[%clk 0:24:51]} 41. Rg3+ {[%clk 0:25:45]} Kh7
{[%clk 0:25:14]} 42. b6 {[%clk 0:24:10]} Rh1+ {[%clk 0:25:38]} 43. Kb2
{[%clk 0:21:30]} g1=Q {[%clk 0:26:00]} 44. Rb3 {[%clk 0:21:31]} Qc1+
{[%clk 0:26:16]} 0-1

[Event "Praha"]
[Site "?"]
[Date "2023.01.07"]
[Round "2.14"]
[White "Oberhofer, Cedric"]
[Black "Zielonka, Adam"]
[Result "1/2-1/2"]
[BlackElo "2053"]
[WhiteElo "2259"]
[LiveChessVersion "1.4.8"]

1. c4 {[%clk 1:30:57]} b6 {[%clk 1:29:07]} 2. e4 {[%clk 1:30:44]} e5
{[%clk 1:27:27]} 3. Nc3 {[%clk 1:29:39]} Nc6 {[%clk 1:27:28]} 4. g3
{[%clk 1:26:00]} Bc5 {[%clk 1:26:05]} 5. Nf3 {[%clk 1:24:58]} Nge7
{[%clk 1:23:55]} 6. Bg2 {[%clk 1:24:38]} O-O {[%clk 1:22:59]} 7. O-O
{[%clk 1:24:57]} d6 {[%clk 1:22:14]} 8. d3 {[%clk 1:24:21]} Bb7 {[%clk 1:20:18]}
9. a3 {[%clk 1:19:07]} a5 {[%clk 1:19:58]} 10. Rb1 {[%clk 1:19:26]} f5
{[%clk 1:14:53]} 11. exf5 {[%clk 1:15:19]} Nxf5 {[%clk 1:10:57]} 12. Ng5
{[%clk 1:07:41]} Qd7 {[%clk 1:06:54]} 13. Qg4 {[%clk 0:59:09]} Nd8
{[%clk 1:00:48]} 14. Nce4 {[%clk 0:46:55]} h6 {[%clk 0:55:01]} 15. Nf3
{[%clk 0:47:11]} Qf7 {[%clk 0:51:33]} 16. Nh4 {[%clk 0:46:50]} Nxh4
{[%clk 0:48:29]} 17. Qxh4 {[%clk 0:47:09]} Rb8 {[%clk 0:44:24]} 18. Be3
{[%clk 0:43:48]} Ne6 {[%clk 0:42:51]} 19. b4 {[%clk 0:43:24]} axb4
{[%clk 0:42:47]} 20. axb4 {[%clk 0:43:49]} Bd4 {[%clk 0:37:14]} 21. Kh1
{[%clk 0:42:35]} Qg6 {[%clk 0:35:33]} 22. Rbe1 {[%clk 0:33:52]} Bxe3
{[%clk 0:30:14]} 23. fxe3 {[%clk 0:33:39]} Ng5 {[%clk 0:30:04]} 24. Qg4
{[%clk 0:28:37]} Qe6 {[%clk 0:29:18]} 25. Qxe6+ {[%clk 0:27:21]} Nxe6
{[%clk 0:29:43]} 26. Kg1 {[%clk 0:27:05]} Ra8 {[%clk 0:25:33]} 27. Nf6+
{[%clk 0:22:51]} Rxf6 {[%clk 0:25:14]} 28. Bxb7 {[%clk 0:23:15]} Ra3
{[%clk 0:24:42]} 29. d4 {[%clk 0:23:34]} Rxf1+ {[%clk 0:22:41]} 30. Kxf1
{[%clk 0:24:01]} Kf8 {[%clk 0:22:00]} 31. Bd5 {[%clk 0:20:04]} Ke7
{[%clk 0:21:46]} 32. Re2 {[%clk 0:13:29]} 1/2-1/2

[Event "Praha"]
[Site "?"]
[Date "2023.01.07"]
[Round "2.15"]
[White "Dovzhenko, Viktor"]
[Black "Oye-Stromberg, Alexander"]
[Result "0-1"]
[BlackElo "2254"]
[WhiteElo "2057"]
[LiveChessVersion "1.4.8"]

1. e4 {[%clk 1:30:30]} c5 {[%clk 1:28:47]} 2. Ne2 {[%clk 1:29:30]} Nc6
{[%clk 1:26:39]} 3. Nbc3 {[%clk 1:29:28]} e5 {[%clk 1:24:25]} 4. g3
{[%clk 1:29:39]} g6 {[%clk 1:24:43]} 5. Bg2 {[%clk 1:29:56]} Bg7 {[%clk 1:25:05]}
6. d3 {[%clk 1:29:14]} d6 {[%clk 1:24:55]} 7. f4 {[%clk 1:26:18]} Nge7
{[%clk 1:21:21]} 8. Be3 {[%clk 1:21:17]} Nd4 {[%clk 1:20:05]} 9. O-O
{[%clk 1:19:12]} O-O {[%clk 1:17:14]} 10. h3 {[%clk 1:13:04]} f5 {[%clk 1:14:26]}
11. Qd2 {[%clk 1:08:04]} Be6 {[%clk 1:11:29]} 12. Kh2 {[%clk 1:02:54]} Qd7
{[%clk 1:10:49]} 13. Rae1 {[%clk 0:59:54]} Rae8 {[%clk 1:08:14]} 14. Nd5
{[%clk 0:53:28]} Bxd5 {[%clk 0:59:38]} 15. exd5 {[%clk 0:53:56]} Nxe2
{[%clk 0:56:07]} 16. Rxe2 {[%clk 0:51:07]} b6 {[%clk 0:55:42]} 17. Rfe1
{[%clk 0:49:00]} Nc8 {[%clk 0:50:04]} 18. c3 {[%clk 0:44:33]} Re7
{[%clk 0:40:38]} 19. fxe5 {[%clk 0:40:13]} dxe5 {[%clk 0:38:16]} 20. b4
{[%clk 0:35:13]} cxb4 {[%clk 0:36:24]} 21. cxb4 {[%clk 0:35:42]} Nd6
{[%clk 0:35:30]} 22. Rc1 {[%clk 0:28:22]} f4 {[%clk 0:34:12]} 23. gxf4
{[%clk 0:27:22]} exf4 {[%clk 0:34:22]} 24. Bf2 {[%clk 0:27:16]} f3
{[%clk 0:34:23]} 25. Rxe7 {[%clk 0:26:58]} Qxe7 {[%clk 0:34:45]} 26. Bf1
{[%clk 0:26:52]} Be5+ {[%clk 0:34:07]} 27. Kh1 {[%clk 0:26:19]} Bf4
{[%clk 0:33:15]} 28. Re1 {[%clk 0:26:32]} Qg5 {[%clk 0:33:21]} 29. Qc3
{[%clk 0:23:17]} Nf5 {[%clk 0:31:54]} 30. Re4 {[%clk 0:01:52]} Ng3+
{[%clk 0:31:42]} 31. Bxg3 {[%clk 0:02:19]} Qxg3 {[%clk 0:32:01]} 32. Rxf4
{[%clk 0:01:49]} Rxf4 {[%clk 0:30:00]} 33. Qe5 {[%clk 0:00:48]} f2
{[%clk 0:30:22]} 34. Qe8+ {[%clk 0:00:33]} Kg7 {[%clk 0:30:16]} 35. Qe5+
{[%clk 0:00:38]} Kh6 {[%clk 0:30:33]} 0-1

[Event "Praha"]
[Site "?"]
[Date "2023.01.07"]
[Round "2.16"]
[White "Soucek, Petr"]
[Black "Vales, Vaclav"]
[Result "1-0"]
[BlackElo "2045"]
[WhiteElo "2250"]
[LiveChessVersion "1.4.8"]

1. e4 {[%clk 1:30:56]} c5 {[%clk 1:30:56]} 2. Nf3 {[%clk 1:31:16]} Nc6
{[%clk 1:31:20]} 3. Bb5 {[%clk 1:31:41]} Na5 {[%clk 1:31:38]} 4. c3 a6
{[%clk 1:30:56]} 5. Bd3 {[%clk 1:29:51]} d6 {[%clk 1:29:20]} 6. h3
{[%clk 1:26:47]} e5 {[%clk 1:29:22]} 7. Bc2 {[%clk 1:26:12]} Be7 {[%clk 1:24:56]}
8. d4 {[%clk 1:24:20]} Nc6 {[%clk 1:22:58]} 9. d5 {[%clk 1:19:16]} Nb8
{[%clk 1:22:49]} 10. a4 {[%clk 1:18:57]} b6 {[%clk 1:22:23]} 11. Nbd2
{[%clk 1:18:33]} h6 {[%clk 1:22:21]} 12. Nc4 {[%clk 1:09:35]} Nd7
{[%clk 1:16:28]} 13. Ne3 {[%clk 1:07:38]} g6 {[%clk 1:14:28]} 14. Qe2
{[%clk 0:59:33]} Bg5 {[%clk 1:04:49]} 15. Nxg5 {[%clk 0:51:14]} hxg5
{[%clk 1:05:13]} 16. Nc4 {[%clk 0:50:26]} Qe7 {[%clk 1:01:07]} 17. Qg4
{[%clk 0:40:04]} Rh5 {[%clk 1:00:33]} 18. Qg3 {[%clk 0:37:03]} f6
{[%clk 0:52:43]} 19. Be3 {[%clk 0:32:03]} Nh6 {[%clk 0:47:03]} 20. Qf3
{[%clk 0:26:39]} Rb8 {[%clk 0:41:42]} 21. Kd2 {[%clk 0:23:02]} Nf7
{[%clk 0:29:00]} 22. g3 {[%clk 0:15:20]} Nf8 {[%clk 0:21:03]} 23. Qg2
{[%clk 0:10:42]} Qd7 {[%clk 0:18:22]} 24. f3 Rh7 {[%clk 0:14:03]} 25. h4
{[%clk 0:04:45]} gxh4 {[%clk 0:12:18]} 26. gxh4 {[%clk 0:05:00]} Nd8
{[%clk 0:09:55]} 27. b3 {[%clk 0:02:51]} Qe7 {[%clk 0:08:14]} 28. f4
{[%clk 0:02:32]} Nf7 {[%clk 0:07:01]} 29. Raf1 {[%clk 0:02:10]} exf4
{[%clk 0:04:59]} 30. Bxf4 {[%clk 0:02:30]} Ne5 {[%clk 0:05:09]} 31. Bxe5
{[%clk 0:01:31]} dxe5 {[%clk 0:04:46]} 32. Qf3 {[%clk 0:01:21]} Rf7
{[%clk 0:04:08]} 33. Qg3 {[%clk 0:01:21]} Bd7 {[%clk 0:03:12]} 34. h5
{[%clk 0:00:58]} g5 {[%clk 0:03:21]} 35. Bd1 {[%clk 0:01:15]} b5 {[%clk 0:03:22]}
36. axb5 {[%clk 0:01:21]} axb5 {[%clk 0:03:21]} 37. Ne3 {[%clk 0:01:41]} Ra8
{[%clk 0:03:18]} 38. Bc2 {[%clk 0:01:58]} Nh7 {[%clk 0:03:05]} 39. Ra1
{[%clk 0:02:13]} Qd8 {[%clk 0:03:12]} 40. Rhf1 {[%clk 0:01:20]} Qb8
{[%clk 0:03:01]} 41. Qg1 {[%clk 0:00:51]} Bc8 {[%clk 0:29:48]} 42. Bd3
{[%clk 0:24:52]} Rfa7 {[%clk 0:27:33]} 43. Rxa7 {[%clk 0:24:07]} Rxa7
{[%clk 0:27:59]} 44. Ra1 {[%clk 0:23:57]} Bd7 {[%clk 0:23:27]} 45. Nc2
{[%clk 0:23:53]} Rxa1 {[%clk 0:19:51]} 46. Qxa1 {[%clk 0:23:31]} g4
{[%clk 0:18:35]} 47. Qh1 {[%clk 0:08:18]} Ke7 {[%clk 0:17:36]} 48. Be2
{[%clk 0:04:47]} b4 {[%clk 0:14:34]} 49. Qg1 {[%clk 0:04:09]} bxc3+
{[%clk 0:13:32]} 50. Kxc3 {[%clk 0:04:26]} Kd6 {[%clk 0:13:06]} 51. Bxg4
{[%clk 0:02:51]} Ng5 {[%clk 0:07:14]} 52. Bxd7 {[%clk 0:02:28]} Kxd7
{[%clk 0:06:43]} 53. Qg4+ {[%clk 0:02:32]} Ke7 {[%clk 0:06:55]} 54. Qf5
{[%clk 0:02:18]} Qh8 {[%clk 0:06:25]} 55. Qg6 {[%clk 0:02:18]} Qh7
{[%clk 0:03:11]} 56. Qxh7+ {[%clk 0:02:19]} Nxh7 {[%clk 0:03:40]} 57. Ne3
{[%clk 0:01:43]} Ng5 {[%clk 0:03:47]} 58. Nf5+ {[%clk 0:01:51]} Kf7
{[%clk 0:02:20]} 59. Ng3 {[%clk 0:01:50]} Nf3 {[%clk 0:02:01]} 60. Kc4
{[%clk 0:01:14]} Nd2+ {[%clk 0:02:18]} 61. Kxc5 {[%clk 0:01:20]} Nxb3+
{[%clk 0:02:36]} 62. Kd6 {[%clk 0:01:19]} Nd2 {[%clk 0:02:02]} 63. Kc7
{[%clk 0:01:15]} Nf3 {[%clk 0:01:02]} 64. Nf5 {[%clk 0:00:54]} Ng5
{[%clk 0:01:15]} 65. Nd6+ {[%clk 0:00:40]} Kg7 {[%clk 0:00:47]} 66. Kd7
{[%clk 0:00:56]} Kh6 1/2-1/2

[Event "Praha"]
[Site "?"]
[Date "2023.01.07"]
[Round "2.17"]
[White "Schouten, Mathias Lind"]
[Black "Ochedzan, Tymon"]
[Result "1-0"]
[BlackElo "2236"]
[WhiteElo "2044"]
[LiveChessVersion "1.4.8"]

1. e4 {[%clk 1:24:49]} c5 {[%clk 1:30:56]} 2. Nf3 {[%clk 1:25:15]} d6
{[%clk 1:31:22]} 3. d4 {[%clk 1:25:42]} cxd4 {[%clk 1:31:48]} 4. Nxd4
{[%clk 1:26:08]} Nf6 {[%clk 1:32:13]} 5. Nc3 {[%clk 1:26:34]} a6 {[%clk 1:32:40]}
6. Bg5 {[%clk 1:26:59]} Nbd7 {[%clk 1:30:34]} 7. Qe2 {[%clk 1:27:22]} h6
{[%clk 1:28:14]} 8. Bh4 {[%clk 1:26:55]} g6 {[%clk 1:28:34]} 9. f4
{[%clk 1:26:54]} e5 {[%clk 1:28:10]} 10. fxe5 {[%clk 1:16:15]} dxe5
{[%clk 1:28:34]} 11. O-O-O {[%clk 1:16:39]} Qc7 {[%clk 1:28:10]} 12. Nb3
{[%clk 1:16:56]} b5 {[%clk 1:27:49]} 13. g4 {[%clk 1:17:07]} Be7 {[%clk 1:26:16]}
14. Bg2 {[%clk 1:14:00]} Bb7 {[%clk 1:19:07]} 15. Rhf1 {[%clk 1:04:10]} b4
{[%clk 1:06:54]} 16. Bxf6 {[%clk 0:52:56]} Nxf6 {[%clk 1:06:55]} 17. Nd5
{[%clk 0:53:01]} Nxd5 {[%clk 0:57:22]} 18. exd5 {[%clk 0:53:24]} O-O-O
{[%clk 0:57:40]} 19. d6 {[%clk 0:40:05]} Rxd6 {[%clk 0:53:01]} 20. Bxb7+
{[%clk 0:38:45]} Kxb7 {[%clk 0:52:27]} 21. Qf3+ {[%clk 0:37:49]} Kb8
{[%clk 0:49:51]} 22. Rxd6 {[%clk 0:37:19]} Bxd6 {[%clk 0:45:27]} 23. Qxf7
{[%clk 0:37:35]} Rf8 {[%clk 0:44:31]} 24. Qxc7+ {[%clk 0:37:50]} Kxc7
{[%clk 0:44:56]} 25. Rxf8 {[%clk 0:38:17]} Bxf8 {[%clk 0:45:21]} 26. Kd2
{[%clk 0:37:51]} Kd6 {[%clk 0:36:48]} 27. Kd3 {[%clk 0:38:16]} Kd5
{[%clk 0:36:09]} 28. Nd2 {[%clk 0:38:41]} Be7 {[%clk 0:32:51]} 29. Ne4
{[%clk 0:38:36]} Bd8 {[%clk 0:32:44]} 30. c3 {[%clk 0:37:12]} a5 {[%clk 0:27:50]}
31. c4+ {[%clk 0:37:19]} Kc6 {[%clk 0:27:34]} 32. Ke3 {[%clk 0:36:22]} Be7
{[%clk 0:25:34]} 33. Kf3 {[%clk 0:36:10]} Kd7 {[%clk 0:23:52]} 34. Nd2
{[%clk 0:33:33]} Kd6 {[%clk 0:17:14]} 35. Ne4+ {[%clk 0:31:18]} Ke6
{[%clk 0:17:02]} 36. Nf2 {[%clk 0:30:51]} Bc5 {[%clk 0:14:33]} 37. Nd3
{[%clk 0:29:44]} Bd6 {[%clk 0:14:45]} 38. Ke4 {[%clk 0:30:02]} Bc7
{[%clk 0:15:02]} 39. b3 {[%clk 0:29:05]} Bd6 {[%clk 0:14:48]} 40. c5
{[%clk 0:24:10]} Bc7 {[%clk 0:05:52]} 41. Nb2 {[%clk 0:21:55]} Kd7
{[%clk 0:04:14]} 42. Nc4 {[%clk 0:16:34]} Kc6 {[%clk 0:04:13]} 43. Nxe5+
{[%clk 0:16:57]} Kxc5 {[%clk 0:04:22]} 44. h3 {[%clk 0:17:15]} g5
{[%clk 0:25:38]} 45. Nf7 {[%clk 0:46:59]} Bb6 {[%clk 0:25:19]} 46. Nxh6
{[%clk 0:47:06]} Bd8 {[%clk 0:25:45]} 47. Nf7 {[%clk 0:46:54]} Be7
{[%clk 0:25:16]} 48. Ne5 {[%clk 0:47:16]} Bd8 {[%clk 0:25:18]} 49. Nf3
{[%clk 0:47:38]} Be7 {[%clk 0:24:49]} 50. Ke5 {[%clk 0:47:30]} Bd8
{[%clk 0:24:48]} 51. Kf5 {[%clk 0:47:55]} Be7 {[%clk 0:25:07]} 52. Nxg5
{[%clk 0:47:16]} Kd4 {[%clk 0:25:24]} 53. Ne4 {[%clk 0:47:39]} Kd3
{[%clk 0:25:10]} 54. g5 {[%clk 0:47:47]} Kc2 {[%clk 0:25:22]} 55. g6
{[%clk 0:46:01]} Bf8 {[%clk 0:25:46]} 56. Nd6 {[%clk 0:44:15]} Kb2
{[%clk 0:26:00]} 57. Nc4+ {[%clk 0:44:40]} 1-0

[Event "Praha"]
[Site "?"]
[Date "2023.01.07"]
[Round "2.18"]
[White "Zolfagharian, Kevin"]
[Black "Povilaitis, Tomas"]
[Result "1-0"]
[BlackElo "2038"]
[WhiteElo "2227"]
[LiveChessVersion "1.4.8"]

1. e4 {[%clk 1:29:55]} c5 {[%clk 1:30:50]} 2. Nf3 {[%clk 1:30:20]} Nc6
{[%clk 1:31:06]} 3. Bb5 {[%clk 1:30:29]} d6 {[%clk 1:31:00]} 4. O-O
{[%clk 1:30:34]} Bd7 {[%clk 1:31:25]} 5. Re1 {[%clk 1:30:54]} a6 {[%clk 1:31:49]}
6. Bf1 {[%clk 1:31:14]} Bg4 {[%clk 1:32:10]} 7. c3 {[%clk 1:31:27]} g6
{[%clk 1:32:28]} 8. d4 {[%clk 1:28:08]} cxd4 {[%clk 1:30:05]} 9. cxd4
{[%clk 1:24:13]} Bg7 {[%clk 1:26:43]} 10. d5 {[%clk 1:20:49]} Ne5
{[%clk 1:24:44]} 11. Qb3 {[%clk 1:17:29]} Nd7 {[%clk 1:05:05]} 12. Qxb7
{[%clk 1:04:56]} Nc5 {[%clk 1:00:09]} 13. Qb4 {[%clk 1:05:05]} Bxf3
{[%clk 1:00:20]} 14. gxf3 {[%clk 1:05:16]} Nf6 {[%clk 1:00:11]} 15. Nc3
{[%clk 0:59:16]} Nfd7 {[%clk 0:59:22]} 16. f4 {[%clk 0:35:04]} O-O
{[%clk 0:57:42]} 17. e5 {[%clk 0:29:07]} Rb8 {[%clk 0:49:27]} 18. Qa3
{[%clk 0:26:59]} Qb6 {[%clk 0:31:10]} 19. exd6 {[%clk 0:26:06]} exd6
{[%clk 0:30:26]} 20. Rb1 {[%clk 0:23:56]} a5 {[%clk 0:26:25]} 21. Be3
{[%clk 0:19:22]} Rfc8 {[%clk 0:17:24]} 22. Na4 {[%clk 0:09:30]} Qd8
{[%clk 0:17:08]} 23. Nxc5 {[%clk 0:09:40]} Nxc5 {[%clk 0:17:36]} 24. Bd2
{[%clk 0:09:59]} Qh4 {[%clk 0:11:47]} 25. Qg3 {[%clk 0:06:59]} Qh5
{[%clk 0:10:00]} 26. Qg5 {[%clk 0:05:45]} Qf3 {[%clk 0:09:07]} 27. Be2
{[%clk 0:05:00]} h6 {[%clk 0:08:09]} 28. Bxf3 {[%clk 0:04:10]} hxg5
{[%clk 0:08:38]} 29. fxg5 {[%clk 0:04:38]} Nd3 {[%clk 0:08:31]} 30. Re3
{[%clk 0:04:07]} Nxb2 {[%clk 0:08:34]} 31. Be2 {[%clk 0:02:42]} a4
{[%clk 0:08:06]} 32. a3 {[%clk 0:02:25]} Rc5 {[%clk 0:07:14]} 33. Bf3
{[%clk 0:02:11]} Rc2 {[%clk 0:07:18]} 34. Be1 {[%clk 0:01:00]} Rbc8
{[%clk 0:07:06]} 35. Bd1 {[%clk 0:00:43]} R2c5 {[%clk 0:06:57]} 36. Bf3
{[%clk 0:00:33]} Nc4 {[%clk 0:06:48]} 37. Bb4 {[%clk 0:00:33]} Rb5
{[%clk 0:05:44]} 38. Ree1 {[%clk 0:00:49]} Be5 {[%clk 0:02:02]} 39. Rbd1
{[%clk 0:00:32]} Rbb8 {[%clk 0:01:58]} 40. Bg4 {[%clk 0:00:40]} Re8
{[%clk 0:01:32]} 41. Rc1 {[%clk 0:18:26]} Nb2 {[%clk 0:23:03]} 42. Be2
{[%clk 0:11:07]} Bd4 {[%clk 0:19:18]} 43. Rc2 {[%clk 0:07:50]} Re5
{[%clk 0:15:34]} 44. Bxd6 {[%clk 0:07:07]} Rxg5+ {[%clk 0:16:02]} 45. Bg3
{[%clk 0:07:36]} Rb6 {[%clk 0:12:07]} 46. Bf3 {[%clk 0:06:38]} Nd3
{[%clk 0:06:59]} 47. Rd1 {[%clk 0:06:05]} Ne5 {[%clk 0:05:14]} 48. Bg2
{[%clk 0:06:30]} Rb3 {[%clk 0:04:11]} 49. Kf1 {[%clk 0:05:41]} Bb6
{[%clk 0:03:18]} 50. d6 {[%clk 0:03:57]} Rxa3 {[%clk 0:02:14]} 51. Rd5
{[%clk 0:04:13]} Ra1+ {[%clk 0:01:39]} 52. Ke2 {[%clk 0:04:40]} f6
{[%clk 0:01:35]} 53. f4 {[%clk 0:03:59]} Rxg3 {[%clk 0:02:00]} 54. hxg3
{[%clk 0:04:25]} Nd7 {[%clk 0:02:26]} 55. Rd1 {[%clk 0:04:15]} Rxd1
{[%clk 0:01:49]} 56. Kxd1 {[%clk 0:04:44]} Kf7 {[%clk 0:02:17]} 57. Bd5+
{[%clk 0:04:40]} Kg7 {[%clk 0:02:16]} 58. Rc6 {[%clk 0:03:03]} a3
{[%clk 0:02:29]} 59. Kc2 {[%clk 0:02:47]} Bd8 {[%clk 0:01:32]} 60. Rc8
{[%clk 0:02:12]} Bb6 {[%clk 0:01:28]} 61. Rc6 {[%clk 0:00:47]} Bd8
{[%clk 0:01:56]} 62. Be6 {[%clk 0:00:53]} Nf8 {[%clk 0:01:52]} 63. Rc7+
{[%clk 0:00:34]} Kh6 {[%clk 0:02:21]} 64. Ba2 {[%clk 0:01:02]} g5
{[%clk 0:01:42]} 65. Rc8 {[%clk 0:01:23]} gxf4 {[%clk 0:02:11]} 66. gxf4
{[%clk 0:01:17]} 0-1

[Event "Praha"]
[Site "?"]
[Date "2023.01.07"]
[Round "2.19"]
[White "Mensing, Adrian"]
[Black "Mannion, Stephen R"]
[Result "1/2-1/2"]
[BlackElo "2224"]
[WhiteElo "2033"]
[LiveChessVersion "1.4.8"]

1. d4 {[%clk 1:20:56]} d5 {[%clk 1:30:50]} 2. c4 {[%clk 1:21:10]} dxc4
{[%clk 1:31:14]} 3. Nf3 {[%clk 1:21:19]} Nf6 {[%clk 1:31:35]} 4. e3
{[%clk 1:21:27]} e6 {[%clk 1:31:42]} 5. Bxc4 {[%clk 1:21:22]} c5 {[%clk 1:32:03]}
6. O-O {[%clk 1:21:18]} a6 {[%clk 1:32:17]} 7. Be2 {[%clk 1:21:36]} Nbd7
{[%clk 1:26:00]} 8. b3 {[%clk 1:21:51]} b6 {[%clk 1:24:10]} 9. Ne5
{[%clk 1:22:09]} Bb7 {[%clk 1:23:49]} 10. Bf3 {[%clk 1:22:28]} Qc7
{[%clk 1:23:58]} 11. Nd2 {[%clk 1:15:42]} Be7 {[%clk 1:11:13]} 12. Bb2
{[%clk 1:04:26]} O-O {[%clk 1:00:17]} 13. Nxd7 {[%clk 0:51:15]} Nxd7
{[%clk 0:36:32]} 14. Rc1 {[%clk 0:48:00]} Rad8 {[%clk 0:30:24]} 15. Qe2
{[%clk 0:38:58]} Qb8 {[%clk 0:23:08]} 16. Rfd1 {[%clk 0:31:37]} Rfe8
{[%clk 0:19:49]} 17. a4 {[%clk 0:26:55]} cxd4 {[%clk 0:09:37]} 18. exd4
{[%clk 0:22:50]} Nf6 {[%clk 0:09:00]} 19. Nc4 {[%clk 0:22:06]} Nd5
{[%clk 0:07:10]} 20. Be4 {[%clk 0:17:19]} Bf6 {[%clk 0:04:45]} 21. Ne5
{[%clk 0:16:48]} Bxe5 {[%clk 0:02:18]} 22. dxe5 {[%clk 0:17:08]} Rc8
{[%clk 0:02:40]} 23. Qh5 {[%clk 0:09:25]} g6 {[%clk 0:03:06]} 24. Qf3
{[%clk 0:09:45]} Rxc1 {[%clk 0:02:45]} 25. Rxc1 {[%clk 0:10:13]} Qd8
{[%clk 0:02:32]} 26. Qg3 {[%clk 0:02:51]} Qd7 {[%clk 0:02:39]} 27. Rd1
{[%clk 0:01:05]} b5 {[%clk 0:03:05]} 28. axb5 {[%clk 0:00:32]} Qxb5
{[%clk 0:03:27]} 29. Bc1 {[%clk 0:00:36]} Qe2 {[%clk 0:02:47]} 30. Bf3
{[%clk 0:00:55]} Nc3 {[%clk 0:03:04]} 31. Bxe2 {[%clk 0:00:37]} Nxe2+
{[%clk 0:03:31]} 32. Kf1 {[%clk 0:00:57]} Nxg3+ {[%clk 0:03:58]} 33. hxg3
{[%clk 0:01:18]} Bd5 {[%clk 0:03:45]} 34. b4 {[%clk 0:00:51]} Rb8
{[%clk 0:02:44]} 35. Bd2 {[%clk 0:00:39]} Rd8 {[%clk 0:02:22]} 36. Ke1
{[%clk 0:00:31]} Bxg2 {[%clk 0:02:35]} 37. Ra1 {[%clk 0:00:54]} Bb7
{[%clk 0:02:18]} 38. Ke2 {[%clk 0:00:33]} h5 {[%clk 0:02:15]} 39. Rc1
{[%clk 0:00:33]} Rc8 {[%clk 0:00:44]} 40. Rxc8+ {[%clk 0:00:34]} Bxc8
{[%clk 0:01:12]} 41. Kd3 {[%clk 0:28:14]} Kf8 {[%clk 0:26:28]} 42. Bg5
{[%clk 0:28:09]} 1/2-1/2